000 00254nam a2200109Ia 4500
008 220204s9999 xx 000 0 und d
082 _a82-3SIL
_bSTE
100 _aJeanne
245 4 _aThe Splendoured sky
260 _aKent
_bSilhouette
_c1983
942 _cBK
999 _c37883
_d37883